000 00980cam a22003134a 4500
999 _c585
_d585
001 56419826
003 OCoLC
005 20180820185030.0
008 040827s2004 ilua b 000 0 eng
010 _a 2004019549
020 _a1414303211 (sc)
020 _a9781414303215 (sc)
020 _a1414307756 (pbk.)
020 _a9781414307756 (pbk.)
035 _a(OCoLC)56419826
_z(OCoLC)61118314
_z(OCoLC)61118442
040 _aDLC
_beng
_cDLC
_dON8
_dBAKER
_dBTCTA
_dOCLCQ
_dYDXCP
_dOCLCO
042 _apcc
050 0 0 _aBT482
_b.L38 2004
082 0 0 _a232.5
_222
_bL385W
092 _a232.5
_bL385
100 1 _aLaurie, Greg.
245 1 0 _aWhy the Resurrection? :
_ba personal guide to meeting the resurrected Christ /
_cGreg Laurie.
260 _aWheaton, Ill. :
_bTyndale House Publishers,
_cc2004.
300 _axiii, 77 p. :
_bcol. ill. ;
_c20 cm.
600 0 0 _aJesus Christ
_xResurrection.
600 0 0 _aJesus Christ
_xAppearances.
650 0 _aEaster.
942 _2ddc
_cBK